[Event "Sabadell Coral Colon op 13th"]
[Site "Sabadell"]
[Date "2019.03.01"]
[Round "2"]
[White "Perez Berenguer, Valentin"]
[Black "Basallote Berenguera, Enric"]
[Result "1-0"]
[WhiteElo "1843"]
[BlackElo "1555"]
[PlyCount "87"]
[EventDate "2019.02.22"]
[EventType "swiss"]
[EventRounds "8"]
[EventCountry "ESP"]
[SourceTitle "CBM 190 Extra"]
[Source "ChessBase"]
[SourceDate "2019.07.15"]
[SourceVersion "1"]
[SourceVersionDate "2019.07.15"]
[SourceQuality "1"]

1. d4 Nf6 2. Bg5 c5 3. Bxf6 gxf6 4. d5 Qb6 5. b3 Bg7 6. Nd2 f5 7. Rb1 Bc3 8. e3 d6 9. Bd3 Nd7 10. Ne2 Qa5 11. Nxc3 Qxc3 12. Bxf5 Nf6 13. Bxc8 Rxc8 14. 0-0 Nxd5 15. Nc4 Nb4 16. a3 Nc6 17. Qg4 Kd8 18. Rfd1 Kc7 19. b4 f5 20. Qe2 b5 21. Rb3 Qg7 22. bxc5 bxc4 23. cxd6+ exd6 24. Qxc4 Rhg8 25. g3 Rgd8 26. Rdb1 Kd7 27. Rb5 Rc7 28. Rxf5 Rf8 29. Rd5 Qf6 30. f4 Rb8 31. Rbd1 Rb2 32. Qd3 Nd4 33. Rxd4 Rc6 34. Qxh7+ Kc8 35. Re4 Rc7 36. Re8+ Kb7 37. Qe4+ Ka6 38. Re6 Qxe6 39. Qxe6 Rcxc2 40. Qxd6+ Ka5 41. Rd5+ Ka4 42. Qa6+ Kb3 43. Rb5+ Kc3 44. Qf6+ 1-0

[Event "Sabadell Coral Colon op 12th"]
[Site "Sabadell"]
[Date "2018.02.16"]
[Round "2"]
[White "Perez Berenguer, Valentin"]
[Black "Castaneda Munoz, Antonio"]
[Result "1-0"]
[WhiteElo "1866"]
[BlackElo "1535"]
[PlyCount "89"]
[EventDate "2018.02.09"]
[EventType "swiss"]
[EventRounds "9"]
[EventCountry "ESP"]
[SourceTitle "EXT 2019"]
[Source "ChessBase"]
[SourceDate "2018.10.10"]
[SourceVersion "1"]
[SourceVersionDate "2018.10.10"]
[SourceQuality "1"]

1. d4 Nf6 2. Bg5 d5 3. Bxf6 gxf6 4. e3 Nc6 5. c3 Rg8 6. g3 Bf5 7. Bd3 Qd7 8. Qc2 Bg6 9. h4 h5 10. Nd2 e5 11. 0-0-0 0-0-0 12. Nb3 e4 13. Bb5 a6 14. Be2 Kb8 15. Rd2 Qf5 16. Bf1 Qe6 17. Nh3 Bd6 18. a3 Bf5 19. c4 Bxh3 20. Bxh3 f5 21. c5 Be7 22. Kb1 Rg6 23. Qd1 Bf6 24. Qxh5 Rg4 25. Bxg4 fxg4 26. Qh6 Ne7 27. c6 b6 28. h5 Rh8 29. Qxh8+ Bxh8 30. Rc2 Qf5 31. Nc1 Qe6 32. Ne2 Nxc6 33. Nf4 Qd7 34. h6 Na5 35. Rh5 c6 36. Rg5 Kb7 37. Rg8 Bf6 38. Nh5 Qf5 39. Nxf6 Qxf6 40. h7 Qf3 41. h8Q Qd1+ 42. Ka2 Kc7 43. Rc8+ Kd6 44. Qf6+ Kd7 45. Rd8+ 1-0

[Event "Sabadell op 11th"]
[Site "Sabadell"]
[Date "2017.??.??"]
[Round "5.1"]
[White "Campos Cayuelas, Adria"]
[Black "Perez Berenguer, Valentin"]
[Result "1-0"]
[WhiteElo "2015"]
[BlackElo "1861"]
[PlyCount "125"]
[EventDate "2017.02.03"]
[EventType "swiss"]
[EventRounds "9"]
[EventCountry "ESP"]
[SourceTitle "EXT 2024"]
[Source "ChessBase"]
[SourceDate "2023.10.10"]
[SourceVersion "1"]
[SourceVersionDate "2023.10.10"]
[SourceQuality "1"]

1. e4 e6 2. d4 d5 3. Nc3 Nf6 4. Bg5 dxe4 5. Nxe4 Be7 6. Bxf6 gxf6 7. Nf3 b6 8. Bc4 Bb7 9. Qe2 c6 10. 0-0-0 Qc7 11. Kb1 Nd7 12. Rhe1 0-0-0 13. Ba6 Rhg8 14. Bxb7+ Kxb7 15. g3 f5 16. Ned2 Bf6 17. Nc4 b5 18. Ncd2 Nb6 19. Nb3 a6 20. c3 Nd7 21. Qe3 h5 22. Ne5 Bxe5 23. dxe5 Qb6 24. Rd6 Qxe3 25. Rxe3 Nb8 26. Rdd3 Rxd3 27. Rxd3 Kc7 28. Nc5 h4 29. Rd4 hxg3 30. hxg3 Rd8 31. Rxd8 Kxd8 32. f4 Ke7 33. Kc2 f6 34. Kd3 fxe5 35. fxe5 a5 36. b3 Kf7 37. Kd4 Ke7 38. a4 Kf7 39. Nb7 Nd7 40. axb5 cxb5 41. Nd6+ Kg6 42. Nxb5 Kg5 43. c4 Kg4 44. c5 Kxg3 45. c6 Nb6 46. Nc3 Kf4 47. c7 Nc8 48. Nb5 Kg3 49. Nd6 Na7 50. c8Q Nxc8 51. Nxc8 f4 52. Nd6 f3 53. Ke3 Kg4 54. Nc4 f2 55. Kxf2 Kf4 56. Nxa5 Kxe5 57. Ke3 Kd5 58. Kd3 e5 59. Nc4 e4+ 60. Ke3 Kc5 61. Kxe4 Kb4 62. Nd2 Kc3 63. Kd5 1-0

[Event "Sabadell op 11th"]
[Site "Sabadell"]
[Date "2017.??.??"]
[Round "7.4"]
[White "Molano Lafuente, Ismael"]
[Black "Perez Berenguer, Valentin"]
[Result "1-0"]
[WhiteElo "1951"]
[BlackElo "1861"]
[PlyCount "51"]
[EventDate "2017.02.03"]
[EventType "swiss"]
[EventRounds "9"]
[EventCountry "ESP"]
[SourceTitle "EXT 2024"]
[Source "ChessBase"]
[SourceDate "2023.10.10"]
[SourceVersion "1"]
[SourceVersionDate "2023.10.10"]
[SourceQuality "1"]

1. d4 e6 2. Nf3 f5 3. g4 fxg4 4. Ne5 Nf6 5. h3 g3 6. fxg3 d6 7. Nf3 Be7 8. Nc3 c6 9. e4 a5 10. Bd3 Na6 11. e5 Nd5 12. Ne4 Ndb4 13. exd6 Nxd3+ 14. Qxd3 Nb4 15. Qe2 Bxd6 16. Bg5 Qc7 17. Nxd6+ Qxd6 18. Bf4 Qd5 19. c3 Nc2+ 20. Qxc2 Qxf3 21. Rf1 Qd5 22. Be5 Rf8 23. 0-0-0 g6 24. Rxf8+ Kxf8 25. Rf1+ Ke8 26. Qf2 1-0

[Event "Sabadell Coral Colon op 10th"]
[Site "Sabadell"]
[Date "2016.02.12"]
[Round "4"]
[White "Torralba Brosa, Marc"]
[Black "Perez Berenguer, Valentin"]
[Result "0-1"]
[WhiteElo "1685"]
[BlackElo "1863"]
[PlyCount "82"]
[EventDate "2016.01.22"]
[EventType "swiss"]
[EventRounds "9"]
[EventCountry "ESP"]
[SourceTitle "EXT 2017"]
[Source "ChessBase"]
[SourceDate "2016.10.25"]
[SourceVersion "1"]
[SourceVersionDate "2016.10.25"]
[SourceQuality "1"]

1. c4 f5 2. Nc3 Nf6 3. d3 e5 4. e4 fxe4 5. dxe4 d6 6. Nf3 Be7 7. Bg5 0-0 8. Qd2 Nbd7 9. Bd3 Nc5 10. Bc2 c6 11. 0-0-0 a5 12. h4 Bg4 13. Rde1 Bxf3 14. gxf3 Ne6 15. f4 Nxf4 16. Bxf4 exf4 17. Reg1 Nh5 18. Bd1 Qe8 19. Rh2 Qf7 20. Bf3 Kh8 21. Rhg2 Bf6 22. Qe2 g6 23. Bxh5 gxh5 24. Qd2 Be5 25. Qd3 f3 26. Rg5 Bf4+ 27. Kb1 Bxg5 28. Rxg5 h6 29. Rf5 Qg6 30. Rxf3 Rxf3 31. Qxf3 Kg7 32. Ne2 Rf8 33. Nf4 Kh7 34. Qe3 Qg4 35. Nd3 Rf3 36. Qd4 Rh3 37. Qf6 Rxd3 38. Qf7+ Qg7 39. Qf5+ Kh8 40. Qc8+ Qg8 41. Qf5 Qg1+ 0-1

[Event "Sabadell Coral Colon op 9th"]
[Site "Sabadell"]
[Date "2015.03.27"]
[Round "8"]
[White "Martinez Ferrer, Rafael"]
[Black "Perez Berenguer, Valentin"]
[Result "0-1"]
[WhiteElo "1915"]
[BlackElo "2044"]
[PlyCount "74"]
[EventDate "2015.02.06"]
[EventType "swiss"]
[EventRounds "9"]
[EventCountry "ESP"]
[SourceTitle "EXT 2016"]
[Source "ChessBase"]
[SourceDate "2015.10.08"]
[SourceVersion "1"]
[SourceVersionDate "2015.10.08"]
[SourceQuality "1"]

1. d4 e6 2. Nf3 f5 3. Bf4 Nf6 4. h3 d6 5. e3 Be7 6. Bc4 h6 7. Nbd2 0-0 8. Qe2 a6 9. Bb3 Kh8 10. 0-0-0 b5 11. Bh2 Nc6 12. Rhg1 Na5 13. g4 Nxb3+ 14. Nxb3 fxg4 15. hxg4 Ne4 16. Nbd2 Bb7 17. Nxe4 Bxe4 18. Nd2 Bh7 19. f4 Qe8 20. Nf3 Qc6 21. g5 Be4 22. Rdf1 Bxf3 23. Rxf3 Bxg5 24. Rxg5 hxg5 25. Rh3+ Kg8 26. Qh5 Qe4 27. Qxg5 Rf5 28. Qh4 Qh1+ 29. Kd2 Qg2+ 30. Kc3 b4+ 31. Kd3 c5 32. e4 Rf6 33. Rg3 Rh6 34. Qg5 Qf1+ 35. Ke3 Qe1+ 36. Kf3 Qd1+ 37. Ke3 cxd4+ 0-1

[Event "Sabadell Coral Colon op 6th"]
[Site "Sabadell"]
[Date "2012.03.16"]
[Round "6"]
[White "Puig Martinez, Jordi"]
[Black "Perez Berenguer, Valentin"]
[Result "0-1"]
[WhiteElo "1912"]
[BlackElo "1896"]
[PlyCount "58"]
[EventDate "2012.02.10"]
[EventType "swiss"]
[EventRounds "9"]
[EventCountry "ESP"]
[SourceTitle "EXT 2014"]
[Source "ChessBase"]
[SourceDate "2013.11.20"]
[SourceVersion "1"]
[SourceVersionDate "2013.11.20"]
[SourceQuality "1"]

1. d4 e6 2. e3 f5 3. Bd3 Nf6 4. f4 Be7 5. Nf3 d6 6. Nbd2 Nd5 7. Nf1 Nb4 8. Be2 Nd7 9. Bd2 Nd5 10. Bd3 0-0 11. Qe2 a5 12. e4 Nb4 13. Bxb4 axb4 14. Ng3 Bh4 15. Nxh4 Qxh4 16. 0-0 Nf6 17. Rf3 Bd7 18. exf5 Ng4 19. Nf1 exf5 20. Bc4+ Kh8 21. Bd5 Rae8 22. Qd2 Bb5 23. Rh3 Qf6 24. Rf3 Re2 25. Qxb4 c6 26. h3 cxd5 27. hxg4 fxg4 28. Re3 Qxf4 29. Qxb5 Qf2+ 0-1